000 01784cam a2200397Li 4500
001 ocn762579200
003 TZ-ArACH
005 20150901160136.0
008 090716s2009 fr 000 0 fre d
015 _a00956077
_2bnf
016 7 _aFRBNF420204970000005
_2FrPBN
020 _a9782296092327 (br)
020 _a2296092322 (br)
035 _a(OCoLC)762579200
040 _aBDF
_encafnor
_bfre
_cTZ-ArACH
041 _aFre
049 _aTZAA
050 _aKQN4630
_b.E84
082 1 4 _a345.671 105
_222
100 1 _aEteme Eteme, Simon Pierre.
_4aut
_917522
245 1 0 _aDroits de l'homme et police judiciaire au Cameroun : la protection du suspect dans le code de procédure pénale
_bla protection du suspect dans le code de procédure pénale /
_cSimon Pierre Eteme Eteme ; préface du Pr Jean-Marie Tchakoua.
260 _aParis :
_bL'Harmattan,
_c2009
_e(14-Condé-sur-Noireau :
_fImpr. Corlet numérique)
300 _a1 vol. (243 p.) ;
_c22 cm.
500 _aEn appendice, choix de documents.
500 _aBibliogr. p. 227-237.
500 _aLa couv. porte en plus "Harmattan Cameroun"
650 7 _aDroits de l'homme (droit international)
_zCameroun.
_2ram
_917523
650 7 _aProcédure pénale
_zCameroun.
_2ram
_917524
650 7 _aPolice
_zCameroun.
_2ram
_917525
856 4 2 _3Notice et cote du catalogue de la Bibliothèque nationale de France
_uhttp://catalogue.bnf.fr/ark:/12148/cb42020497g
886 1 _2intermrc
_a009
_ba--d---------------
886 2 _2intermrc
_a680
_b0-
_a340
_b340
942 _2lcc
_cBOOK
999 _c2409
_d2409